Statistics for advanced level / (Record no. 1808)

MARC details
000 -LEADER
fixed length control field 00668pam a2200217 a 4500
001 - CONTROL NUMBER
control field BD-DhSAU 1808
003 - CONTROL NUMBER IDENTIFIER
control field BD-DhSAU
005 - DATE AND TIME OF LATEST TRANSACTION
control field 20150120155557.0
008 - FIXED-LENGTH DATA ELEMENTS--GENERAL INFORMATION
fixed length control field 881228s1989 enka b 001 0 eng
020 ## - INTERNATIONAL STANDARD BOOK NUMBER
International Standard Book Number 0521367727 (pbk.)
040 ## - CATALOGING SOURCE
Original cataloging agency BD-DhSAU
082 00 - DEWEY DECIMAL CLASSIFICATION NUMBER
Classification number 519.5
Edition number 22
Item number MIS
100 1# - MAIN ENTRY--PERSONAL NAME
Personal name Miller, J. C.
Fuller form of name (Jane Charlotte)
245 10 - TITLE STATEMENT
Title Statistics for advanced level /
Statement of responsibility, etc. Jane Miller.
250 ## - EDITION STATEMENT
Edition statement 2nd ed.
260 ## - PUBLICATION, DISTRIBUTION, ETC. (IMPRINT)
Place of publication, distribution, etc. Cambridge [England] :
-- New York :
Name of publisher, distributor, etc. Cambridge University Press ;
Date of publication, distribution, etc. c1989.
300 ## - PHYSICAL DESCRIPTION
Extent xv, 442 p. :
Other physical details ill. ;
Dimensions 25 cm.
504 ## - BIBLIOGRAPHY, ETC. NOTE
Bibliography, etc Includes bibliographical references and index.
590 ## - Name of Cataloguer
Name of Cataloger Jerin
650 #0 - SUBJECT ADDED ENTRY--TOPICAL TERM
Topical term or geographic name as entry element Statistics.
General subdivision advanced level
942 ## - ADDED ENTRY ELEMENTS (KOHA)
Source of classification or shelving scheme Dewey Decimal Classification
Koha item type Book
Holdings
Withdrawn status Lost status Source of classification or shelving scheme Damaged status Not for loan Home library Branch Name Shelving location Date acquired Total Checkouts Full call number Barcode Date last seen Price effective from Koha item type Collection code
    Dewey Decimal Classification     SAU Library SAU Library General Stacks 17/06/1993   519.5 MIS 23853 20/01/2015 20/01/2015 Book  
    Dewey Decimal Classification     SAU Library SAU Library General Stacks 17/06/1993   519.5 MIS 23854 20/01/2015 20/01/2015 Book  
    Dewey Decimal Classification   Not For Loan SAU Library SAU Library Reference 17/06/1993   519.5 MIS 23852 30/04/2015 30/04/2015 Book Reference